00553nam a2200193Ia 4500003000400000005001700004008004100021020001500062040001800077041000800095082002200103245003000125250001200155260004300167300002900210650003300239650002700272650006000299OSt20251218111446.0210716s1999 xx 000 0 und d a8176560782 cAIMIT LIBRARY aeng a006.37 21bPETE  aVisual basic 6 complete / a1st ed. aNew Delhi :bBPB Publications ,c1999. axxvi,1011p. ;bPBc22 cm aIntroduction to visual basic aPractical visual basic aIntroduction to visual basic scripting and the internet